00286nam a2200097Ia 45000010005000000080041000050820019000461000062000652450042001272600019001692101241024s9999 xx 000 0 und d aRD/363.7/C397g aCentro para el Desarrollo Agropecuario y Forestal (CEDAF) 0aGuia Las 3Rs: Reduce, Reusa y Recicla bSerigrafc2011